书目信息 |
| 题名: |
基础有机化学
|
|
| 作者: | 邢其毅 编 | |
| 分册: | 上册 | |
| 出版信息: | 北京 人民教育出版社 1980 |
|
| 页数: | 632页 | |
| 开本: | 26cm | |
| 丛书名: | ||
| 单 册: | ||
| 中图分类: | O62 | |
| 科图分类: | ||
| 主题词: | 有机化学 | |
| 电子资源: | ||
| ISBN: | ||
| 000 | 00602nam0 2200229 45 | |
| 001 | 0194006203 | |
| 005 | 20070719114638.46 | |
| 010 | @dCNY2.90 | |
| 091 | @a13010.0473 | |
| 100 | @a19940218d1980 em y0chiy0121 ea | |
| 101 | 0 | @achi |
| 102 | @aCN@b110000 | |
| 105 | @ay z 000yy | |
| 200 | 10 | @a基础有机化学@AJI CHU YOU JI HUA XUE@h上册@f邢其毅等编@FXING QI YI DENGBIAN |
| 210 | @a北京@c人民教育出版社@d1980 | |
| 215 | @a632页@d26cm | |
| 300 | @a高等学校试用教材 | |
| 606 | 0 | @a有机化学 |
| 690 | @aO62@v3 | |
| 701 | 0 | @a邢其毅@AXING QI YI@4编 |
| 801 | 0 | @aCN@bNLC@c20070719 |
| 905 | @dO62@e10:1 | |
| 基础有机化学.上册/邢其毅等编.-北京:人民教育出版社,1980 |
| 632页;26cm |
| 高等学校试用教材 |
| ISBN :CNY2.90 |
| ● |
| 相关链接 |
|
|
|
|
正题名:基础有机化学
索取号:O62/10:1
 
预约/预借
| 序号 | 登录号 | 条形码 | 馆藏地/架位号 | 状态 | 备注 |
| 1 | 0420353 | 204203539 | 密集书库/ [索取号:O62/10:1] | 在馆 | |
| 2 | 0434432 | 204344325 | 密集书库/ [索取号:O62/10:1] | 在馆 | |
| 3 | 0468721 | 204687213 | 密集书库/ [索取号:O62/10:1] | 在馆 | |
| 4 | 0768485 | 207684852 | 密集书库/ [索取号:O62/10:1] | 在馆 |